000 00664nam a22001937a 4500
005 20251108170852.0
008 250721s1993 xx 000 0 ara d
082 1 4 _a210.4133403/دمي
100 1 _aالدميني، مسفر بن غرم الله
245 1 0 _aالسحر :
_bحقيقته و حكمته و العلاج منه مع مناقشة شبهات فكري سحر النبي صلى الله عليه و سلم /
250 _aط2
264 1 _aالرياض :
_bمكتبة المفتي،
_c1993.
300 _a125ص
650 1 7 _aالإسلام
650 1 7 _aالسحر
650 1 7 _aالقرآن الكريم
942 _2ddc
_cBK
999 _c50948
_d50948